Разработка методики выполнения томографической реконструкции на основе алгоритма обратного проецирования; Неразрушающий контроль: электронное приборостроение, технологии, безопасность; Т. 1

Xehetasun bibliografikoak
Parent link:Неразрушающий контроль: электронное приборостроение, технологии, безопасность: сборник трудов V Всероссийской научно-практической конференции студентов, аспирантов и молодых учёных, Томск, 25-29 мая 2015 г./ Национальный исследовательский Томский политехнический университет (ТПУ).— , 2015
Т. 1.— 2015.— [189-192]
Egile nagusia: Хайдукова В. М.
Erakunde egilea: Национальный исследовательский Томский политехнический университет (ТПУ) Институт неразрушающего контроля (ИНК) Лаборатория № 40 (Технической томографии и интроскопии) (Лаборатория № 40)
Beste egile batzuk: Капранов Б. И. Борис Иванович (научный руководитель)
Gaia:Заглавие с титульного экрана
Hizkuntza:errusiera
Argitaratua: 2015
Saila:Современные системы и технологии в неразрушающем контроле
Gaiak:
Sarrera elektronikoa:http://earchive.tpu.ru/handle/11683/23710
http://www.lib.tpu.ru/fulltext/c/2015/C36/V1/050.pdf
Formatua: Baliabide elektronikoa Liburu kapitulua
KOHA link:https://koha.lib.tpu.ru/cgi-bin/koha/opac-detail.pl?biblionumber=614235

MARC

LEADER 00000naa2a2200000 4500
001 614235
005 20231101132810.0
035 |a (RuTPU)RU\TPU\conf\12402 
090 |a 614235 
100 |a 20150917d2015 k y0rusy50 ca 
101 0 |a rus 
102 |a RU 
105 |a y z 101zy 
135 |a drcn ---uucaa 
181 0 |a i  
182 0 |a b 
200 1 |a Разработка методики выполнения томографической реконструкции на основе алгоритма обратного проецирования  |f В. М. Хайдукова  |g науч. рук. Б. И. Капранов 
203 |a Текст  |c электронный 
225 1 |a Современные системы и технологии в неразрушающем контроле 
230 |a 1 компьютерный файл (pdf; 345 Kb) 
300 |a Заглавие с титульного экрана 
320 |a [Библиогр.: с. 192 (4 назв.)] 
337 |a Adobe Reader 
461 1 |0 (RuTPU)RU\TPU\conf\12353  |t Неразрушающий контроль: электронное приборостроение, технологии, безопасность  |o сборник трудов V Всероссийской научно-практической конференции студентов, аспирантов и молодых учёных, Томск, 25-29 мая 2015 г.  |o в 2 т.  |f Национальный исследовательский Томский политехнический университет (ТПУ)  |d 2015 
463 1 |0 (RuTPU)RU\TPU\conf\12354  |t Т. 1  |v [189-192]  |d 2015 
610 1 |a труды учёных ТПУ 
610 1 |a электронный ресурс 
610 1 |a томографическая реконструкция 
610 1 |a алгоритмы 
610 1 |a обратное проецирование 
610 1 |a томография 
610 1 |a радиационное излучение 
700 1 |a Хайдукова  |b В. М. 
702 1 |a Капранов  |b Б. И.  |c российский учёный в области физических методов и приборов контроля качества  |c профессор Томского политехнического университета, доктор технических наук  |f 1941-  |g Борис Иванович  |2 stltpush  |4 727 
712 0 2 |a Национальный исследовательский Томский политехнический университет (ТПУ)  |b Институт неразрушающего контроля (ИНК)  |b Лаборатория № 40 (Технической томографии и интроскопии) (Лаборатория № 40)  |h 6776  |2 stltpush  |3 (RuTPU)RU\TPU\col\20619 
801 2 |a RU  |b 63413507  |c 20210208  |g RCR 
856 4 |u http://earchive.tpu.ru/handle/11683/23710 
856 4 |u http://www.lib.tpu.ru/fulltext/c/2015/C36/V1/050.pdf 
942 |c BK